| 000 | 01168nam a2200337 i 4500 | ||
|---|---|---|---|
| 001 | 200453254 | ||
| 999 |
_c200453254 _d71466 |
||
| 003 | TR-AnTOB | ||
| 005 | 20241114140409.0 | ||
| 007 | ta | ||
| 008 | 220707s2022 tu ao 001 0 tur d | ||
| 020 | _a9786052160855 | ||
| 040 |
_aTR-AnTOB _beng _erda _cITU _dITU _dTR-AnTOB |
||
| 041 | 0 |
_atur _aara |
|
| 050 | 4 |
_aN6260 _b.S245 2022 |
|
| 090 |
_aN6260 _b.S245 2022 |
||
| 100 | 1 |
_aSağlam, Kemal _eauthor _9142134 |
|
| 245 | 1 | 0 |
_aİslam düşmanlığına karşı sanat / _cYazar Dr. Öğr. Üyesi Kemal Sağlam ; Türkçe editörü Öğr. Gör. Hasret Tutuş ; fotoğraf editörü Dr. Öğr. Üyesi Fatih Mehmet Parlar. |
| 250 | _a2. Baskı, Nisan 2022 | ||
| 264 | 1 |
_aErzurum : _bZafer Form Ofset Yayınevi, _c2022. |
|
| 300 |
_a288 pages : _billustrations, photographs ; _c24 cm |
||
| 336 |
_atext _btxt _2rdacontent. |
||
| 337 |
_aunmediated _bn _2rdamedia. |
||
| 338 |
_avolume _bnc _2rdacarrier. |
||
| 504 | _aBIBINDX | ||
| 530 | _aHardcover. | ||
| 650 | 7 |
_aİslam sanatı _2etuturkob _963230 |
|
| 700 | 1 |
_aTutuş, Hasret _eeditor _9142138 |
|
| 700 | 1 |
_aParlar, Fatih Mehmet _eeditor _9142139 |
|
| 942 |
_2lcc _cBK |
||